L'homme éternel / (Record no. 104029)

MARC details
000 -LEADER
campo de control de longitud fija 00643nam a2200193 i 4500
001 - NÚMERO DE CONTROL
campo de control 104029
003 - IDENTIFICADOR DE NÚMERO DE CONTROL
campo de control ES-MaACL
005 - FECHA Y HORA DE LA ÚLTIMA TRANSACCIÓN
campo de control 20230906183509.0
007 - CAMPO FIJO DE DESCRIPCIÓN FÍSICA--INFORMACIÓN GENERAL
campo de control de longitud fija t|
008 - DATOS DE LONGITUD FIJA--INFORMACIÓN GENERAL
campo de control de longitud fija 051122s1929 fr ||||1| fre d
100 1# - ENTRADA PRINCIPAL--NOMBRE DE PERSONA
Nombre de persona Mickiewicz, Adam.
9 (RLIN) 80945
245 12 - MENCIÓN DEL TÍTULO
Título L'homme éternel /
Mención de responsabilidad, etc. Adam Mickiewicz ; pages choisies en prose avec préface de M. André Mazon et Introduction de M. Joseph André Teslar.
260 ## - PUBLICACIÓN, DISTRIBUCIÓN, ETC.
Lugar de publicación, distribución, etc. Paris :
Nombre del editor, distribuidor, etc. Paris : Gebethner et Wolff,
Fecha de publicación, distribución, etc. 1929.
300 ## - DESCRIPCIÓN FÍSICA
Extensión 265 p. :
Otras características físicas 1 retr. ;
Dimensiones 20 cm.
700 1# - ENTRADA AGREGADA--NOMBRE PERSONAL
Nombre de persona Mazon, André.
9 (RLIN) 79486
700 1# - ENTRADA AGREGADA--NOMBRE PERSONAL
Nombre de persona Teslar, Joseph André.
9 (RLIN) 202239
852 ## - LOCALIZACIÓN
Ubicación ES-MaACL
Número de control de estantería A-2010
Holdings
Estatus retirado Estado de pérdida Estado de daño No para préstamo Biblioteca de origen Biblioteca actual Ubicación en estantería Fecha de adquisición Fuente de adquisición Total de préstamos Signatura topográfica completa Código de barras Visto por última vez Precio de reemplazo Tipo de ítem Koha
        Biblioteca del Ateneo de Madrid Biblioteca del Ateneo de Madrid Sala Pecera Planta 1 17/01/2008     A-2010 1108615 23/02/2023 23/02/2023 Libro impreso